LEADER 02023 am 2200517 n 450 001 9910583199203321 005 20220103 010 $a2-271-14198-2 024 7 $a10.4000/books.editionscnrs.48687 035 $a(CKB)4100000012880908 035 $a(FrMaCLE)OB-editionscnrs-48687 035 $a(oapen)https://directory.doabooks.org/handle/20.500.12854/91791 035 $a(PPN)26794523X 035 $a(EXLCZ)994100000012880908 100 $a20220713j|||||||| ||| 0 101 0 $afre 135 $auu||||||m|||| 181 $ctxt$2rdacontent 182 $cc$2rdamedia 183 $acr$2rdacarrier 200 10$aSpinoza $eLa science mathématique du salut /$fFrançoise Barbaras 210 $aParis $cCNRS Éditions$d2022 215 $a1 online resource (205 p.) 225 1 $aCNRS Philosophie 311 $a2-271-06496-1 330 $a« Je considérerai les actions et les appétits humains comme s?il était question de lignes, de surfaces et de solides. » C?est une science de l?homme que construit Spinoza en ce début du XVIIe siècle. Une science nourrie des bouleversements dans les mathématiques, l?algèbre, la conception de l?infini. Écrite sur le modèle des Éléments d?Euclide, l?Éthique n?a rien d?artificiel. Sa forme coïncide, au contraire, avec la neuve radicalité d?une pensée qui donne au désir toute sa puissance. Cette ambitieuse lecture de la philosophie de Spinoza comme science du salut engendre un appétit renouvelé de savoir. 606 $aPhilosophy 606 $ascience 606 $aSpinoza 606 $amathématique 606 $asalut 610 $ascience 610 $aSpinoza 610 $amathématique 610 $asalut 615 4$aPhilosophy 615 4$ascience 615 4$aSpinoza 615 4$amathématique 615 4$asalut 700 $aBarbaras$b Françoise$01299841 801 0$bFR-FrMaCLE 906 $aBOOK 912 $a9910583199203321 996 $aSpinoza$93025282 997 $aUNINA LEADER 01843nas 2200625-a 450 001 996218571403316 005 20230215213018.0 011 $a2230-6021 035 $a(OCoLC)47294905 035 $a(CKB)110985822459992 035 $a(CONSER)--2006266566 035 $a(EXLCZ)99110985822459992 100 $a20010713b20012005 s-- - 101 0 $aeng 135 $aurcnu|||||||| 181 $ctxt$2rdacontent 182 $cc$2rdamedia 183 $acr$2rdacarrier 200 10$aAmerican journal of pharmacogenomics 210 $a[Mairangi Bay, Auckland, N.Z.] $cAdis International$d2001-2005 300 $aRefereed/Peer-reviewed 300 $aTitle from journal information screen (viewed July 9, 2001). 311 $a1175-2203 531 $aAM J PHARMACOGENOMICS 606 $aPharmacogenomics$vPeriodicals 606 $aGene Therapy$vPeriodicals 606 $aGenetic Therapy 606 $aPharmacogenetics$vPeriodicals 606 $aGene Therapy$vPeriodicals 606 $aGenomics$vPeriodicals 606 $aPharmacogenetics$vPeriodicals 606 $aGenetic Therapy$vPeriodicals 606 $aGenomics$vPeriodicals 606 $aPharmacogenetics 606 $aGenomics 606 $aPharmacogenomics$2fast$3(OCoLC)fst01060245 608 $aPeriodical. 608 $aPeriodicals.$2fast 615 0$aPharmacogenomics 615 22$aGene Therapy 615 22$aGenetic Therapy. 615 2$aPharmacogenetics 615 2$aGene Therapy 615 2$aGenomics 615 12$aPharmacogenetics 615 22$aGenetic Therapy 615 22$aGenomics 615 12$aPharmacogenetics. 615 22$aGenomics. 615 7$aPharmacogenomics. 676 $a615.19 906 $aJOURNAL 912 $a996218571403316 996 $aAmerican journal of pharmacogenomics$92425114 997 $aUNISA